000 00903nam a2200253 a 4500
001 BRCA_9129
005 20190320210529.0
008 061017s2017----mx-a######---#000-0#spa-#
020 _a9786076054918
041 _aspa
044 _amx
084 _aSF561
_b.R65 2017
245 1 0 _aRojo mexicano
_bla grana cochinilla en el arte.
260 _aMéxico
_bINBA : Museo del Palacio de Bellas Artes
_c2017
300 _a389 p.
_bil. a color
_c25 cm.
440 0 _aMuseos y galerías
_9239
500 _aIncluye lista catalográfica y lista de figuras
500 _aIncluye piezas de la colección Franz Mayer : p. 105, 192, 366, 373, 376, 381, [390-393], [398] y colofón
500 _aIncluye piezas de la colección Ruth D. Lechuga : p. 365, Ca7 y Ca67
650 1 4 _aCochinilla (Tinte)
_zMéxico
_922508
650 1 4 _aTintes y teñido
_94415
650 1 4 _aColor en el arte
_921221
942 _2lcc
_cB
999 _c8777
_d8777